Prolegomena to relativity economics : (Record no. 109583)

MARC details
000 -LEADER
fixed length control field 00561nam a22001697a 4500
003 - CONTROL NUMBER IDENTIFIER
control field BD-ChCU
005 - DATE AND TIME OF LATEST TRANSACTION
control field 20251120092104.0
008 - FIXED-LENGTH DATA ELEMENTS--GENERAL INFORMATION
fixed length control field 251119b usa ||||| |||| 00| 0 eng d
040 ## - CATALOGING SOURCE
Transcribing agency BD-ChCU
082 ## - DEWEY DECIMAL CLASSIFICATION NUMBER
Classification number 330.1 SOP
100 ## - MAIN ENTRY--PERSONAL NAME
Personal name Souter, Ralph William.
9 (RLIN) 16422
245 ## - TITLE STATEMENT
Title Prolegomena to relativity economics :
Remainder of title an elementary study in the mechanics and organics of an expanding economic universe. /
Statement of responsibility, etc. William Ralph Souter.
260 ## - PUBLICATION, DISTRIBUTION, ETC.
Place of publication, distribution, etc. New York :
Name of publisher, distributor, etc. C. U. P.,
Date of publication, distribution, etc. c1933
300 ## - PHYSICAL DESCRIPTION
Extent xiv, 171p
650 #0 - SUBJECT ADDED ENTRY--TOPICAL TERM
Topical term or geographic name entry element Economics, Theory of
9 (RLIN) 16423
942 ## - ADDED ENTRY ELEMENTS (KOHA)
Source of classification or shelving scheme Dewey Decimal Classification
Koha item type Books
Suppress in OPAC No
Holdings
Withdrawn status Lost status Source of classification or shelving scheme Damaged status Not for loan Home library Current library Shelving location Date acquired Source of acquisition Total Checkouts Full call number Barcode Date last seen Copy number Price effective from Koha item type
    Dewey Decimal Classification     Chittagong University Library Chittagong University Library Business and Social Science Reading Room 19/11/2025 Purchase   330.1 SOP 13756 19/11/2025 C-1 19/11/2025 Books
© Copyright 2026. Chittagong University Library, Installation and Maintenance by Prof. Dr. Md. Alamgir, 01711306253